| 000 | 01120cam a2200289 4500 | ||
|---|---|---|---|
| 008 | 090401t1992 xxu||||| |||| 00| 0 eng d | ||
| 020 | _a0117526290 | ||
| 035 | _a(Sirsi) u59481 | ||
| 041 | _aeng | ||
| 050 |
_a711.1 _c18 |
||
| 110 |
_aUnited Kingdom _bDepartment of the Environment _9982 |
||
| 245 |
_aMinerals planning guidance _bPlanning and Compensation Act 1991: Interim Development Order permissions (IDOS) - conditions |
||
| 260 |
_aLondon _bHMSO _c1992 |
||
| 300 |
_a(13)p. _c30cm. |
||
| 350 | _a3.45 | ||
| 490 |
_aMPG _v9 |
||
| 520 | _aAdvice on the considerations to be taken into account when applications for the registration of 'old mining permissions', granted between 22 July 1943 and 30 June 1948, are made. View at www.planning.odpm.gov.uk. | ||
| 650 | _aINTERIM DEVELOPMENT ORDERS | ||
| 650 | _aMINERALS PLANNING | ||
| 650 | _aMINERALS | ||
| 650 | _aMPG9 | ||
| 690 | _aMINING AND MINERALS | ||
| 710 |
_aUnited Kingdom _bWelsh Office _91214 |
||
| 856 |
_uhttps://www.communities.gov.uk/index.asp?id=1144210 _vView the guidance on the ODPM website... |
||
| 942 | _n0 | ||
| 948 | _c04/03/1997 | ||
| 999 |
_c94154 _d94154 |
||